000 00480nam a2200169 i 4500
001 16429
003 ES-MaACL
007 t|
008 000919s1963 xxk ||||1| eng d
080 _a821.111(73)-992"19"
100 1 _aKubly, Herbert.
_968943
245 1 0 _aAt large /
_cby Herbert Kubly ; with a foreword by Kay Boyle.
260 _aLondon :
_bVictor Gollancz,
_c1963.
300 _a221 p. ;
_c23 cm.
700 1 _aBoyle, Kay.
_931196
852 _aES-MaACL
_jG-2140
_bR.124512
999 _c16429
_d16429